000 01031nam a22002537a 4500
999 _c61827
_d61827
005 20240522112745.0
008 240522s2006 enk||||| |||| 00| 0 eng d
020 _a9780071105187x
041 _aeng
080 _a617.5 S-30
245 _aSchwartz's Manual of Surgery /
_cby F. Editor by Charles Brunicardi, Dana Anderson, Timothy Billiar, David Dunn, John Hunter, Raphael E. Pollock.
250 _a8th Edition
264 _aNew York:
_b‎McGraw Hill,
_c2006.
300 _a1320 p.:
_bill.;
_c21 cm.
653 _a ქირურგია
653 _aმედიცინა
700 _aBrunicardi, F. Charles
_eრედაქტორი
_922136
700 _aAnderson, Dana
_eრედაქტორი
_922137
700 _aBilliar, Timothy
_eრედაქტორი
_922138
700 _aDunn, David
_eრედაქტორი
_922139
700 _aHunter, John
_eრედაქტორი
_922140
700 _aPollock, Raphael E.
_eრედაქტორი
_922141
942 _2udc
_cᲬᲘᲒᲜᲘ